00373nam a2200145Ia 4500008004100000020001500041041001200056082001600068100001700084245006800101260002500169300000800194650001200202700001300214221030s9999 xx 000 0 und d a0074515373 aEnglish a105.23bBas aG. Basavarju 0aPhysics : Mechanics & Thermodynamicscby G. Basavarju, D. Ghosh bTMHaNew Delhic1999 a482 aPhysics aD. Ghosh